| 000 | 00678nam a2200217Ia 4500 | ||
|---|---|---|---|
| 005 | 20220616113535.0 | ||
| 008 | 210716s1985 xx 000 0 und d | ||
| 020 | _a8185015546 | ||
| 040 | _cAIMIT LIBRARY | ||
| 041 | _aeng | ||
| 082 |
_a005.73 _22 _bKNUD |
||
| 100 |
_aBhatt, P C P. _943331 |
||
| 245 |
_aFundamenatal algorithms : _bthe art of computer programming / _cBy P. C. P. Bhatt. |
||
| 250 | _a2nd ed. | ||
| 260 |
_aNew Delhi : _bNarosa Publishing House , _c1985 . |
||
| 300 |
_axxiv, 636p. ; _c21.5 cm. |
||
| 440 | _v1 | ||
| 650 |
_aInformation structures _943332 |
||
| 650 |
_aBasic mathematical properties of trees _943333 |
||
| 942 |
_2ddc _cBK _e2nd _k005.73 KNUD |
||
| 999 |
_c180985 _d180985 |
||